Les mille et une nuits (Record no. 159677)

MARC details
000 -LEADER
campo de control de longitud fija 00822nam a22002295i 4500
001 - NÚMERO DE CONTROL
campo de control 159677
003 - IDENTIFICADOR DE NÚMERO DE CONTROL
campo de control ES-MaACL
005 - FECHA Y HORA DE LA ÚLTIMA TRANSACCIÓN
campo de control 20230906211728.0
008 - DATOS DE LONGITUD FIJA--INFORMACIÓN GENERAL
campo de control de longitud fija 041004s1849 fr a |||| | fre d
040 ## - FUENTE DE CATALOGACIÓN
Centro catalogador/agencia de origen CAM
Lengua de catalogación spa
Centro/agencia transcriptor CAM
245 04 - MENCIÓN DEL TÍTULO
Título Les mille et une nuits
Resto del título : contes arabes.
260 ## - PUBLICACIÓN, DISTRIBUCIÓN, ETC.
Lugar de publicación, distribución, etc. Paris :
Nombre del editor, distribuidor, etc. Gustave Havard,
Fecha de publicación, distribución, etc. [s.a] (
Fabricante Imprimerie Schneider)
300 ## - DESCRIPCIÓN FÍSICA
Extensión 300 p. :
Otras características físicas il. ;
Dimensiones 30 cm.
490 1# - MENCIÓN DE SERIE
Mención de serie Romans contes et nouvelles illustrés
596 ## - NOTA AL PIE DE IMPRENTA
NOTA AL PIE DE IMPRENTA Gustave Havard y la Imprimerie Schneider ejercen ca. 1849.
597 ## - NOTA DE DESCRIPCIÓN FÍSICA
NOTA DE DESCRIPCIÓN FÍSICA Texto a dos col.
597 ## - NOTA DE DESCRIPCIÓN FÍSICA
NOTA DE DESCRIPCIÓN FÍSICA Las ils. hacen referencia al texto.
700 11 - ENTRADA AGREGADA--NOMBRE PERSONAL
Nombre de persona Havard, Gustave,
Término indicativo de función/relación
9 (RLIN) 127815
830 0# - PUNTO DE ACCESO ADICIONAL DE SERIE-TÍTULO UNIFORME
Título uniforme Romans contes et nouvelles illustrés
9 (RLIN) 188019
852 ## - LOCALIZACIÓN
Ubicación ES-MaACL
Número de control de estantería G-1646
Nota libre -- Enc. hol.
condición física -- Falto de la cub. original
Holdings
Estatus retirado Estado de pérdida Estado de daño No para préstamo Biblioteca de origen Biblioteca actual Ubicación en estantería Fecha de adquisición Fuente de adquisición Total de préstamos Signatura topográfica completa Código de barras Visto por última vez Precio de reemplazo Tipo de ítem Koha
        Biblioteca del Ateneo de Madrid Biblioteca del Ateneo de Madrid Depósito 2 17/01/2008     G-1646 1167165 23/02/2023 23/02/2023 Libro impreso